Juan Pablo II por el matrimonio y la familia: Familiaris Consortio, 1981: Eucaristía a las familias de Rodelillo, 1987: Carta a las familias 1994

Guardat en:
Dades bibliogràfiques
Format: Llibre
Idioma:espanyol
Publicat: Santiago Universidad Católica de Chile 1997
Matèries:
Etiquetes: Afegir etiqueta
Sense etiquetes, Sigues el primer a etiquetar aquest registre!

MARC

LEADER 00000nam a2200000 a 4500
001 UCS6792
003 CL-VaPUC
008 971003e19970000CL |||||||||||||||||spa|d
082 0 4 |a 173  |b JUA  |2 21 
245 1 0 |a Juan Pablo II por el matrimonio y la familia: Familiaris Consortio, 1981: Eucaristía a las familias de Rodelillo, 1987: Carta a las familias 1994 
300 |a 235 p 
942 |c BK 
945 |d 19971003 00:00:00  |a aalvarez 
260 |a Santiago  |b Universidad Católica de Chile  |c 1997 
650 0 |a Familia cristiana  |9 311439 
650 7 |a MATRIMONIO E IGLESIA CATOLICA  |2 CL-VaPUC  |9 392168 
650 0 |a Documentos pontificios   |9 255642 
583 |a last modification  |c 19971003 00:00:00  |k Rodrigo Vera 
999 |c 262371  |d 262369 
952 |0 0  |1 0  |4 0  |6 173_000000000000000_JUA_1997  |7 0  |8 A  |9 290768  |a BIBTEO  |b BIBTEO  |d 2019-11-19  |i 2023571  |o 173 JUA 1997  |p 2023571  |r 2025-01-17  |w 2019-11-19  |y BK  |k ICR